Textbook of Advance Nursing Practice (Record no. 252744)

MARC details
000 -LEADER
fixed length control field 00372pam a2200145a 44500
008 - FIXED-LENGTH DATA ELEMENTS--GENERAL INFORMATION
fixed length control field 230405s2013 xxu||||| |||| 00| 0 eng d
020 ## - INTERNATIONAL STANDARD BOOK NUMBER
International Standard Book Number 9789350903315
Terms of availability Rs. 695
082 ## - DEWEY DECIMAL CLASSIFICATION NUMBER
Classification number 610.730692
Item number SON
100 ## - MAIN ENTRY--PERSONAL NAME
Personal name Soni, Samta
245 ## - TITLE STATEMENT
Title Textbook of Advance Nursing Practice
260 ## - PUBLICATION, DISTRIBUTION, ETC.
Place of publication, distribution, etc. New Delhi
Name of publisher, distributor, etc. Jaypee Pub
Date of publication, distribution, etc. 2013
300 ## - PHYSICAL DESCRIPTION
Extent 656 p
502 ## - DISSERTATION NOTE
Dissertation note text
906 ## - LOCAL DATA ELEMENT F, LDF (RLIN)
a 004095

No items available.